| 000 | 00603 a2200133 4500 | ||
|---|---|---|---|
| 082 | _aMSIT-8 | ||
| 100 |
_aSyed Mishal Murtaza _999075 |
||
| 245 |
_aAutomated generation of application models through access traffic analysis [Project MSIT-8] _cSyed Mishal Murtaza |
||
| 260 |
_aIslamabad _bNUST School of Electrical Engineering and Computer Science _c2011. |
||
| 300 |
_ax, 66p. _b:ill. _c;27cm.+ _eCD-ROM |
||
| 500 | _aSupervisors: Dr. Hafiz Farooq Ahmad, Dr. Khalid Latif, Mr. Qasim Rajpoot, Ms. Sana Khalique | ||
| 856 | _uhttp://10.250.8.41:8080/xmlui/handle/123456789/9972 | ||
| 942 |
_cPR _kMSIT-8 MIS _2ddc |
||
| 999 |
_c10506 _d10506 |
||